Câu hỏi và bài tập trắc nghiệm toán 8

Saved in:
Bibliographic Details
Main Author: Nguyễn, Văn Lộc
Format: Book
Published: Tp. Hồ Chí Minh Đại học SP Tp. Hồ Chí Minh 2005
Subjects:
Tags: Add Tag
No Tags, Be the first to tag this record!
Institutions: Trung tâm Học liệu Lê Vũ Hùng, Trường Đại học Đồng Tháp
LEADER 00762pam a22002418a 4500
001 00042294
005 20180910100951.0
008 161005s2015 ||||||Viesd
020 # # |c 19000 
041 0 # |a Vie 
082 1 4 |a 510.76  |b C125H 
100 1 # |a Nguyễn, Văn Lộc 
245 1 0 |a Câu hỏi và bài tập trắc nghiệm toán 8  |c Nguyễn Văn Lộc 
260 # # |a Tp. Hồ Chí Minh  |b Đại học SP Tp. Hồ Chí Minh  |c 2005 
300 # # |a 184 tr.  |c 24 cm. 
653 # # |a Bài tập 
653 # # |a Giải toán 
653 # # |a Hình học 
653 # # |a Lớp 8 
653 # # |a Toán học 
852 # # |j KD.0024094 
910 |d 10/09/2018 
980 # # |a Trung tâm Học liệu Lê Vũ Hùng, Trường Đại học Đồng Tháp